The book of revelation scrolls. (Record no. 16165)

000 -LEADER
fixed length control field 00492nam a2200169 a 4500
001 - CONTROL NUMBER
control field :::00018904$&:&@@
003 - CONTROL NUMBER IDENTIFIER
control field OkBaRHE
005 - DATE AND TIME OF LATEST TRANSACTION
control field 20100331141907.0
008 - FIXED-LENGTH DATA ELEMENTS--GENERAL INFORMATION
fixed length control field j 000 0 eng u
040 ## - CATALOGING SOURCE
Transcribing agency
100 1# - MAIN ENTRY--PERSONAL NAME
Personal name Frisby, Neal Vincent
245 14 - TITLE STATEMENT
Title The book of revelation scrolls.
260 ## - PUBLICATION, DISTRIBUTION, ETC. (IMPRINT)
Name of publisher, distributor, etc A 20th Century Life Publication
300 ## - PHYSICAL DESCRIPTION
Extent 127 p.
942 ## - ADDED ENTRY ELEMENTS (KOHA)
Source of classification or shelving scheme
Koha item type Books
Copies
Koha item type Barcode Source of classification or shelving scheme Full call number Lost status Not for loan Copy number Damaged status Withdrawn status Permanent Location Date last seen Date acquired Shelving location Price effective from
Books18904 BV 5091 .R4 F7  1  RHEMA Bible Training College2010-04-142010-04-14General Stacks2010-04-14